<?xml version="1.0" encoding="UTF-8"?>
<collection xmlns="http://www.loc.gov/MARC21/slim">
 <record>
  <leader>02019nam a2200217Ia 4500</leader>
  <controlfield tag="001">CTU_227735</controlfield>
  <controlfield tag="008">210402s9999    xx            000 0 und d</controlfield>
  <datafield tag="082" ind1=" " ind2=" ">
   <subfield code="a">338.0942</subfield>
  </datafield>
  <datafield tag="082" ind1=" " ind2=" ">
   <subfield code="b">S416</subfield>
  </datafield>
  <datafield tag="245" ind1=" " ind2="0">
   <subfield code="a">Science, technology, and economic growth in the eighteenth century</subfield>
  </datafield>
  <datafield tag="245" ind1=" " ind2="0">
   <subfield code="c">Edited with an introd. by A. E. Musson</subfield>
  </datafield>
  <datafield tag="260" ind1=" " ind2=" ">
   <subfield code="a">London</subfield>
  </datafield>
  <datafield tag="260" ind1=" " ind2=" ">
   <subfield code="b">Methuen</subfield>
  </datafield>
  <datafield tag="260" ind1=" " ind2=" ">
   <subfield code="c">1972</subfield>
  </datafield>
  <datafield tag="520" ind1=" " ind2=" ">
   <subfield code="a">Economists have become accustomed to associate long-term economic growth with technological progress; it is deeply embedded in the main message of the Solow-inspired growth models, which treated technological change as exogenous, and even more so in the endogenous growth models. Whether technology is a deus ex machina that somehow makes productivity grow a little each year, or produced within the system by the rational and purposeful application of research and development, the growth of human and physical capital that are strongly complementary with productivity growth, or even in the simple TFP computations that often equate the residual with technological progress – technology is central to the dynamic of the economy in the past two centuries. Many scholars believe that people are inherently innovative and that if only the circumstances are right (the exact nature of these conditions differs from scholar to scholar), technological change is almost guaranteed. This somewhat heroic assumption is shared by scholars as diverse as Robert Lucas and Eric L. Jones, yet it seems at variance with the historical record. The record is that despite many significant, even path-breaking innovations in many societies since the start of written history, it has not really been a major factor in economic growth, such as it was, before the Industrial Revolution.</subfield>
  </datafield>
  <datafield tag="650" ind1=" " ind2=" ">
   <subfield code="a">Công nghiệp,Industries</subfield>
  </datafield>
  <datafield tag="650" ind1=" " ind2=" ">
   <subfield code="x">Lịch sử,History</subfield>
  </datafield>
  <datafield tag="650" ind1=" " ind2=" ">
   <subfield code="y">Thế kỷ 18,18th century</subfield>
  </datafield>
  <datafield tag="650" ind1=" " ind2=" ">
   <subfield code="z">Nước Anh,Great Britain</subfield>
  </datafield>
  <datafield tag="910" ind1=" " ind2=" ">
   <subfield code="b">dqhieu</subfield>
  </datafield>
  <datafield tag="980" ind1=" " ind2=" ">
   <subfield code="a">Trung tâm Học liệu Trường Đại học Cần Thơ</subfield>
  </datafield>
 </record>
</collection>
